[Event "Hajduboszormeny op"]
[Site "Hajduboszormeny"]
[Date "1995.??.??"]
[Round "5"]
[White "Toth, Adrienn"]
[Black "Molnar, Bela"]
[Result "1/2-1/2"]
[WhiteElo "2060"]
[BlackElo "2340"]

1.e4 c5 2.Nf3 d6 3.d4 cxd4 4.Nxd4 Nf6 5.Nc3 Nc6 6.Bg5 a6 7.Qd2 e6 8.O-O-O Bd7
9.f4 h6 10.Bh4 g5 11.fxg5 Ng4 12.Be2 Nge5 13.Nf3 Be7 14.Rhg1 b5 15.Rdf1 Qc7
16.Kb1 O-O-O 17.g3 h5 18.Nxe5 Nxe5 19.g6 Bxh4 20.g7 Be7 21.gxh8=Q Rxh8 22.Nd1 Bc6
23.Nf2 Qb7 24.Nd3 f6 25.Nf4 Bxe4 26.Nxe6 d5 27.Nd4 Qb6 28.Nb3 f5 29.Bd3 Bf6
30.Bxe4 dxe4 31.Qc3+ Nc4 32.Qb4 Bxb2 33.Nd2 Nxd2+ 34.Qxd2 Bd4 35.Rg2 Qc5
36.Rd1 Rd8 37.c3 Bf6 38.Qc2 Rxd1+ 39.Qxd1 Bxc3 40.Qxh5 Qd5 41.Rc2 b4 42.g4 Qd1+
43.Rc1 Qd3+ 44.Rc2  1/2-1/2

[Event "Wch U20"]
[Site "Halle"]
[Date "1995.??.??"]
[Round "3"]
[White "Campos, Eugenio"]
[Black "Gabriel, Christian"]
[Result "0-1"]
[WhiteElo "2245"]
[BlackElo "2475"]

1.e4 c5 2.Nf3 d6 3.d4 cxd4 4.Nxd4 Nf6 5.Nc3 Nc6 6.Bg5 e6 7.Qd2 a6 8.O-O-O Bd7
9.f4 h6 10.Bh4 g5 11.fxg5 Ng4 12.Nf3 hxg5 13.Bg3 Be7 14.Be2 Nge5 15.Rhf1 b5
16.Nxe5 Nxe5 17.Qd4 Qc7 18.a3 Rc8 19.Qf2 Qc5 20.Rd4 f6 21.Rfd1 a5 22.R1d2 b4
23.Nb1 Nc6 24.Bxd6 Qa7 25.Bxe7 Nxd4 26.Qxf6 Nxe2+ 27.Rxe2 Qg1+ 28.Kd2 Qxb1
29.Qxh8+ Kxe7 30.Qg7+ Kd6 31.Qd4+ Ke7 32.Qg7+ Kd6 33.Qd4+ Kc7 34.Re1 Qa2
35.axb4 axb4 36.Qxb4 Qa4 37.Qxa4 Bxa4 38.Re3 Kd6 39.b3 Bc6 40.e5+ Kc5 41.Rg3 Rf8
42.Rxg5 Rf2+ 43.Kd3 Bxg2 44.h4 Bh3 45.c3 Rf3+ 46.Ke4 Rxc3 47.h5 Rxb3 48.Kf4 Rb4+
49.Kg3 Bf5 50.h6 Kd5 51.Rg7 Kxe5 52.h7 Rb8  0-1

[Event "Wch U20"]
[Site "Halle"]
[Date "1995.??.??"]
[Round "4"]
[White "Dos Santos, Ramiro"]
[Black "Pelletier, Yannick"]
[Result "1/2-1/2"]
[WhiteElo "2350"]
[BlackElo "2460"]

1.e4 c5 2.Nf3 d6 3.d4 cxd4 4.Nxd4 Nf6 5.Nc3 Nc6 6.Bg5 e6 7.Qd2 Be7 8.O-O-O O-O
9.Nb3 Qb6 10.f3 Rd8 11.Be3 Qc7 12.Qf2 d5 13.exd5 Nxd5 14.Nxd5 Rxd5 15.Rxd5 exd5
16.Bb5 Na5 17.Bd3 Nc4 18.Bd4 Qf4+ 19.Kb1 a5 20.Bc3 a4 21.Nd4 Bd7 22.Qg3 Qxg3
23.hxg3 g6 24.Re1 Bd6 25.g4 Rc8 26.Bf1  1/2-1/2

[Event "Wch U20"]
[Site "Halle"]
[Date "1995.??.??"]
[Round "6"]
[White "Rowson, Jonathan"]
[Black "Krakops, Maris"]
[Result "1-0"]
[WhiteElo "2400"]
[BlackElo "2525"]

1.e4 c5 2.Nf3 d6 3.d4 cxd4 4.Nxd4 Nf6 5.Nc3 Nc6 6.Bg5 e6 7.Qd2 a6 8.O-O-O h6
9.Be3 Bd7 10.f4 b5 11.Bd3 Qc7 12.Rhe1 Na5 13.e5 b4 14.Ncb5 axb5 15.exf6 gxf6
16.Qxb4 d5 17.Nxb5 Qb8 18.Bc5 Nc6 19.Qc3 Bxc5 20.Qxc5 Qxf4+ 21.Kb1 Kd8 22.c4 d4
23.Be4 Rc8 24.Nd6  1-0

[Event "Wch U20"]
[Site "Halle"]
[Date "1995.??.??"]
[Round "6"]
[White "Relange, Eloi"]
[Black "Naumann, Alexander"]
[Result "1-0"]
[WhiteElo "2455"]
[BlackElo "2360"]

1.e4 c5 2.Nf3 Nc6 3.d4 cxd4 4.Nxd4 Nf6 5.Nc3 d6 6.Bg5 e6 7.Qd2 a6 8.O-O-O h6
9.Be3 Be7 10.f3 Qc7 11.Kb1 Rb8 12.g4 Ne5 13.h4 b5 14.Bd3 Nfd7 15.g5 Nb6 16.gxh6 Nbc4
17.Bxc4 Nxc4 18.Qd3 gxh6 19.f4 b4 20.Nce2 a5 21.Bc1 Ba6 22.Qf3 Bf6 23.Rhf1 Na3+
24.bxa3 Bxe2 25.Qxe2 Bxd4 26.a4 Bf6 27.e5 dxe5 28.f5 Ke7 29.fxe6 fxe6 30.Qf2 Rbf8
31.Be3 e4 32.Bc5+ Ke8 33.Bxf8 Rxf8 34.Qf4 Qc3 35.Qb8+ Kf7 36.Rd7+ Kg6 37.h5+ Kxh5
38.Qh2+ Kg6 39.Qg2+ Bg5 40.Qxe4+ Rf5 41.Qxe6+ Rf6 42.Qe8+  1-0

[Event "Wch U20"]
[Site "Halle"]
[Date "1995.??.??"]
[Round "11"]
[White "Solak, Dragan"]
[Black "Naumann, Alexander"]
[Result "1-0"]
[WhiteElo "2240"]
[BlackElo "2360"]

1.e4 c5 2.Nf3 Nc6 3.d4 cxd4 4.Nxd4 Nf6 5.Nc3 d6 6.Bg5 e6 7.Qd2 a6 8.O-O-O h6
9.Be3 Be7 10.f3 Nxd4 11.Qxd4 e5 12.Qd2 Be6 13.Kb1 Qa5 14.Nd5 Qxd2 15.Nxf6+ Bxf6
16.Bxd2 O-O-O 17.c4 Rd7 18.Bc3 Kb8 19.b3 Rc8 20.Bb4 Rc6 21.g3 Bg5 22.h4 Be3
23.Bh3 Bd4 24.f4 Rd8 25.Bxe6 fxe6 26.Rhf1 b6 27.g4 Rc7 28.f5 exf5 29.gxf5 Rf7
30.h5 Kc7 31.Rf3 Rdf8 32.Rg3 Rd8 33.Rg6 Rdd7 34.Kc2 Bc5 35.Bc3 Be3 36.b4 Rf6
37.Rg3 Bf4 38.Rf3 Rf8 39.Rfd3 Rfd8 40.Rd5 Kc8 41.Be1 Bg5 42.Bf2 Kc7 43.Kb3 Be7
44.a4 Bf6 45.Kc3 Be7 46.a5 bxa5 47.Rxa5 Kb7 48.Rda1 Ra8 49.b5  1-0

[Event "Wichern op"]
[Site "Hamburg"]
[Date "1995.??.??"]
[Round "3"]
[White "Stelting, Thorsten"]
[Black "Tischbierek, Raj"]
[Result "0-1"]
[WhiteElo "2290"]
[BlackElo "2495"]

1.e4 c5 2.Nf3 d6 3.d4 cxd4 4.Nxd4 Nf6 5.Nc3 Nc6 6.Bg5 e6 7.Bb5 Qb6 8.O-O Be7
9.Re1 O-O 10.Bxc6 bxc6 11.Re3 c5 12.Nf3 Bb7 13.Nd2 Rad8 14.Na4 Qc6 15.c4 Rd7
16.Rg3 d5 17.e5 Ne8 18.Bxe7 Rxe7 19.Nf3 d4 20.b3 f6 21.Qd2 Qc7 22.Re1 Ref7
23.Qh6 Bxf3 24.gxf3 Kh8 25.Qh5 g6 26.Qh3 Ng7 27.Rxg6 fxe5 28.Rg5 Nf5 29.Re4 d3
30.Nb2 Nd4 31.Rg3 Ne2+ 32.Rxe2 dxe2 33.Nd3 e4 34.fxe4 Rxf2 35.Qxe6 Rf1+ 36.Kg2 Qf7
37.Qe5+ Qf6 38.Qxf6+ R8xf6 39.Re3 Rg6+ 40.Kh3 Rd1  0-1

[Event "Wichern op"]
[Site "Hamburg"]
[Date "1995.??.??"]
[Round "4"]
[White "Kroeger, Fabian"]
[Black "Sher, Miron N"]
[Result "0-1"]
[WhiteElo "2190"]
[BlackElo "2510"]

1.e4 c5 2.Nf3 d6 3.d4 Nf6 4.Nc3 cxd4 5.Nxd4 Nc6 6.Bg5 e6 7.Qd2 a6 8.O-O-O h6
9.Be3 Be7 10.f3 Nxd4 11.Bxd4 b5 12.Qf2 Qc7 13.Kb1 Rb8 14.g4 b4 15.Ne2 e5
16.Ba7 Rb7 17.Be3 Be6 18.Nc1 a5 19.Ba6 Rb8 20.Ba7 Ra8 21.Bb5+ Nd7 22.Bb6 Qb7
23.h4 O-O 24.Bxd7 Qxd7 25.Rd2 a4 26.f4 Bxg4 27.f5 h5 28.Nd3 Qb5 29.Be3 Rfc8
30.Rg1 b3 31.a3 Rxc2 32.Nb4 Rxd2 33.Qxd2 Qc4 34.Qd5 Qxd5 35.Nxd5 Bxh4 36.Bb6 Bf3
37.f6 Bxe4+  0-1

[Event "Wichern op"]
[Site "Hamburg"]
[Date "1995.??.??"]
[Round "5"]
[White "Gallagher, Joseph G"]
[Black "Reddmann, Hauke"]
[Result "1-0"]
[WhiteElo "2515"]
[BlackElo "2285"]

1.e4 c5 2.Nf3 Nc6 3.d4 cxd4 4.Nxd4 Nf6 5.Nc3 d6 6.Bg5 a6 7.Qd2 h6 8.Bxf6 gxf6
9.O-O-O e6 10.f4 Bd7 11.Kb1 Rc8 12.f5 Ne5 13.Bd3 h5 14.fxe6 fxe6 15.Rhf1 Qb6
16.Be2 Be7 17.Ka1 Nc4 18.Bxc4 Rxc4 19.Qd3 Rc5 20.e5 Rxe5 21.Qg6+ Kd8 22.Rxf6 Be8
23.Qg7 Rh7 24.Qxh7 Bxf6 25.Qh6 Ke7 26.Ne4 Bh4 27.Qg7+ Kd8 28.Nc6+ Qxc6 29.Qxe5 d5
30.c4 Qxc4 31.Qd6+ Bd7 32.Nc5  1-0

[Event "Wichern op"]
[Site "Hamburg"]
[Date "1995.??.??"]
[Round "7"]
[White "Walter, Karel"]
[Black "Reddmann, Hauke"]
[Result "1-0"]
[WhiteElo "2120"]
[BlackElo "2285"]

1.e4 c5 2.Nf3 Nc6 3.d4 cxd4 4.Nxd4 Nf6 5.Nc3 d6 6.Bg5 a6 7.Qd2 Ng4 8.h3 Nge5
9.Be2 h6 10.Be3 Nxd4 11.Qxd4 Bd7 12.O-O-O Rc8 13.f4 Nc6 14.Qd2 e6 15.g4 Be7
16.h4 Na5 17.f5 Nc4 18.Bxc4 Rxc4 19.g5 exf5 20.gxh6 g6 21.Bd4 O-O 22.Qd3 b5
23.h7+ Kxh7 24.h5 g5 25.Nd5 Bc6 26.b3 Bxd5 27.exd5 Rc7 28.h6 f6 29.Qxf5+ Kh8
30.h7 Qd7 31.Qxg5 Bd8 32.Rdg1 Qg7 33.Qf5 Qf7 34.Rg2 Rb7 35.Rh6 Qd7 36.Rxf6  1-0

[Event "Helsinki We HOSK"]
[Site "Helsinki"]
[Date "1995.??.??"]
[Round "?"]
[White "Sammalvuo, Tapani"]
[Black "Veingold, Aleksandr"]
[Result "1/2-1/2"]
[WhiteElo "2390"]
[BlackElo "2410"]

1.e4 c5 2.Nf3 Nc6 3.d4 cxd4 4.Nxd4 Nf6 5.Nc3 d6 6.Bg5 e6 7.Qd2 a6 8.O-O-O h6
9.Bf4 Bd7 10.Nxc6 Bxc6 11.f3 d5 12.Qe1 Bb4 13.a3 Ba5 14.exd5 Nxd5 15.b4 Nxf4
16.Rxd8+ Bxd8 17.h4 O-O 18.Qe3 Bc7 19.Kb2  1/2-1/2

[Event "Helsinki-ch"]
[Site "Helsinki"]
[Date "1995.??.??"]
[Round "?"]
[White "Nouro, Mikael"]
[Black "Norri, Joose"]
[Result "1-0"]
[WhiteElo "2250"]
[BlackElo "2380"]

1.e4 c5 2.Nf3 d6 3.d4 cxd4 4.Nxd4 Nf6 5.Nc3 Nc6 6.Bg5 a6 7.Qd2 Nxd4 8.Qxd4 e5
9.Qa4+ Bd7 10.Bxf6 gxf6 11.Qb3 b5 12.Be2 Be6 13.Nd5 Bg7 14.O-O O-O 15.Qf3 Kh8
16.Rfd1 Rg8 17.a4 bxa4 18.Rxa4 a5 19.b3 Rc8 20.Bc4 Rc5 21.Ne3 Bf8 22.Bd5 Bh6
23.Nf5 Bf8 24.c4 Qb6 25.h3 Rc7 26.Qe3 Rc5 27.Qf3 Rc7 28.Qe3 Rc5 29.Rda1 Qc7
30.Qd2 Qc8 31.Ng3 Bxd5 32.cxd5 Rc2 33.Qxa5 Rxf2 34.Rc4 Qxc4 35.bxc4 Rc2 36.Ra3 Bh6
37.Kf1 Bd2 38.Qa4 Rc1+ 39.Ke2 Bf4 40.Kf2 Rc8 41.Ne2 R1xc4 42.Qd7  1-0

[Event "Helsinki-ch"]
[Site "Helsinki"]
[Date "1995.??.??"]
[Round "?"]
[White "Nouro, Mikael"]
[Black "Fieandt, John"]
[Result "1-0"]
[WhiteElo "2250"]
[BlackElo "2210"]

1.e4 c5 2.Nf3 Nc6 3.d4 cxd4 4.Nxd4 Nf6 5.Nc3 d6 6.Bg5 e6 7.Qd2 Be7 8.O-O-O O-O
9.Kb1 Nxd4 10.Qxd4 Nxe4 11.Nxe4 Bxg5 12.Nxg5 Qxg5 13.Qxd6 Bd7 14.h4 Qf6 15.Bd3 Bc6
16.Qg3 a5 17.h5 a4 18.h6 g6 19.a3 Rfd8 20.Rh4 Ra5 21.Re1 Rg5 22.Qe3 Rdd5
23.g3 Rh5 24.Rxh5 Rxh5 25.g4 Rh4 26.Qg3 Qd8 27.g5 Rh5 28.Qe5 Qf8 29.Be4 Qxh6
30.Bxc6 Rxg5 31.Qb8+ Kg7 32.Qxb7 Qh4 33.Qa7 Rf5 34.Qxa4 Qxf2 35.Rd1 Rf4 36.Qa5 Rc4
37.Ba4 Rc5 38.Qb4 Rf5 39.Bb3 h5 40.Qc3+ Kh7  1-0

[Event "Helsinki PC-SuperSto"]
[Site "Helsinki"]
[Date "1995.??.??"]
[Round "?"]
[White "Holmsten, Aleksei"]
[Black "Yrjola, Jouni"]
[Result "0-1"]
[WhiteElo "2305"]
[BlackElo "2440"]

1.e4 c5 2.Nf3 d6 3.d4 cxd4 4.Nxd4 Nf6 5.Nc3 Nc6 6.Bg5 e6 7.Qd2 a6 8.O-O-O Bd7
9.f4 b5 10.Bxf6 gxf6 11.Nxc6 Bxc6 12.Qe1 b4 13.Nd5 a5 14.Bd3 Bg7 15.f5 Bxd5
16.exd5 e5 17.Rf1 Qb6 18.Rf3 Ke7 19.Bc4 h5 20.a4 bxa3 21.Rxa3 a4 22.Kb1 Rhb8
23.Ra2 Qc5 24.Qe2 Rb4 25.b3 Rab8 26.Ka1 Bh6 27.c3 Rxb3 28.Bxb3 axb3 29.Ra6 Qxc3+
30.Kb1 Rc8 31.Rc6 Rxc6 32.dxc6 Qxc6 33.Qd3 Qb6 34.Kb2 Be3 35.Qxb3 Bd4+ 36.Ka2 Qc6
37.Rb1 Qxg2+ 38.Ka3 Bc5+ 39.Ka4 Qe4+ 40.Ka5  0-1

[Event "Hofheim MT"]
[Site "Hofheim"]
[Date "1995.??.??"]
[Round "6"]
[White "Schmitzer, Klaus"]
[Black "Schnitzspan, Lothar"]
[Result "1-0"]
[WhiteElo "2355"]
[BlackElo "2330"]

1.e4 c5 2.Nf3 d6 3.d4 cxd4 4.Nxd4 Nf6 5.Nc3 Nc6 6.Bg5 e6 7.Qd2 a6 8.f3 Bd7
9.O-O-O Rc8 10.h4 Be7 11.g4 Ne5 12.Kb1 b5 13.Bd3 Nc4 14.Qg2 Qa5 15.Bc1 b4
16.Nce2 Bb5 17.h5 Nd7 18.g5 Nc5 19.f4 Kd7 20.e5 g6 21.exd6 Nxd6 22.Nb3 Nxb3
23.axb3 Bc6 24.Be4 Qc5 25.Bxc6+ Qxc6 26.Qxc6+ Kxc6 27.Nd4+ Kc7 28.Nf3 f6
29.Rhe1 Kd7 30.hxg6 hxg6 31.gxf6 Bxf6 32.Ne5+ Kc7 33.Nxg6 Rhe8 34.Bd2 Rb8
35.Re2 Nf5 36.Rh1 Rb5 37.Rh7+ Kb6 38.Rf7 Bd8 39.Be1 Ka5 40.Ne5 Rd5 41.Rb7  1-0

[Event "HUN-chT1"]
[Site "HUN"]
[Date "1995.??.??"]
[Round "?"]
[White "Ruck, Tamas"]
[Black "Bagonyai, Attila"]
[Result "1/2-1/2"]
[WhiteElo "2265"]
[BlackElo "2260"]

1.e4 c5 2.Nf3 d6 3.d4 Nf6 4.Nc3 cxd4 5.Nxd4 Nc6 6.Bg5 Bd7 7.Qd2 Nxd4 8.Qxd4 Qa5
9.Bd2 Rc8 10.Nd5 Qc5 11.Qxc5 Rxc5 12.Nxf6+ gxf6 13.Bd3 Rg8  1/2-1/2

[Event "HUN-chT1"]
[Site "HUN"]
[Date "1995.??.??"]
[Round "?"]
[White "Turzo, Attila"]
[Black "Pergel, Laszlo"]
[Result "1-0"]
[WhiteElo "2265"]
[BlackElo "2145"]

1.e4 c5 2.Nf3 Nc6 3.d4 cxd4 4.Nxd4 Nf6 5.Nc3 d6 6.Bg5 e6 7.Qd2 Be7 8.O-O-O O-O
9.f4 h6 10.Bh4 Nxd4 11.Qxd4 Qa5 12.Bc4 a6 13.e5 dxe5 14.fxe5 Bc5 15.Qf4 Nd5
16.Nxd5 exd5 17.Bxd5 Qb6 18.Kb1 Be6 19.Rhf1 Rac8 20.Rf3 Rfe8 21.Rb3 Qa5 22.Bxe6 Rxe6
23.Rxb7 Rf8 24.Be1 g5 25.Qg4 f5 26.Qc4  1-0

[Event "HUN-chT1"]
[Site "HUN"]
[Date "1995.??.??"]
[Round "?"]
[White "Zila, Laszlo"]
[Black "Gyurkovics, Miklos"]
[Result "1/2-1/2"]
[WhiteElo "2195"]
[BlackElo "2260"]

1.e4 c5 2.Nf3 Nc6 3.d4 cxd4 4.Nxd4 Nf6 5.Nc3 d6 6.Bg5 e6 7.Qd2 a6 8.O-O-O h6
9.Bxf6 Qxf6 10.Qe3 Bd7 11.f4 O-O-O 12.Kb1 g5 13.Nxc6 Bxc6 14.Qb6 Qe7 15.fxg5 hxg5
16.Bxa6 Qc7 17.Qxc7+ Kxc7 18.Bb5 Bg7 19.Bxc6 bxc6 20.Rd3 Be5 21.h3 Rh4 22.Rf1 f6
23.g4 Rdh8 24.Rff3 Rb8 25.a3 c5 26.Nd1 c4 27.Rd2 Kc6 28.b3 Rh7 29.Ka2 Ra7
30.bxc4 Rb4 31.Re2 Rxc4 32.Nb2 Rc3 33.Rxc3+ Bxc3 34.Re3 Bd4 35.Rb3 Bc5 36.Nd3 Bd4
37.Nb4+ Kc5 38.Rd3 Be5 39.Kb3 Rb7 40.c3 Rb8 41.a4 Ra8 42.Rf3 Rb8 43.Rd3 Rb7
44.a5 Kb5 45.a6 Rc7 46.Rf3 Rc8 47.Rd3 Rc7 48.Rf3  1/2-1/2

[Event "HUN-chT1"]
[Site "HUN"]
[Date "1995.??.??"]
[Round "?"]
[White "Boros, Daniel"]
[Black "Sarosi, Zoltan"]
[Result "1-0"]
[WhiteElo "2285"]
[BlackElo "2325"]

1.e4 c5 2.Nf3 Nc6 3.d4 cxd4 4.Nxd4 Nf6 5.Nc3 d6 6.Bg5 Qb6 7.Nb3 e6 8.Qd2 Bd7
9.O-O-O a6 10.f3 Qc7 11.Kb1 Be7 12.Be3 Ne5 13.f4 Ng6 14.Bd3 b5 15.h4 h5 16.e5 dxe5
17.Bxg6 fxg6 18.fxe5 Ng4 19.Bc5 Nh6 20.Bxe7 Kxe7 21.Qg5+ Kf7 22.Ne4 Nf5 23.Nd6+ Nxd6
24.exd6 Qd8 25.Rhf1+ Kg8 26.Qxg6 Rh6 27.Qf7+ Kh7 28.Nc5 Be8 29.Qf3 Rf6 30.Qe2 Rxf1
31.Qxf1 Bg6 32.Nxe6 Bxc2+ 33.Kxc2  1-0

[Event "HUN-chT1"]
[Site "HUN"]
[Date "1995.??.??"]
[Round "?"]
[White "Boros, Daniel"]
[Black "Madl, Ildiko"]
[Result "1/2-1/2"]
[WhiteElo "2285"]
[BlackElo "2405"]

1.e4 c5 2.Nf3 d6 3.d4 cxd4 4.Nxd4 Nf6 5.Nc3 Nc6 6.Bg5 e6 7.Qd2 a6 8.Rd1 Bd7
9.Be2 Be7 10.O-O Rc8 11.Nb3 Na5 12.Bxf6 gxf6 13.Qh6 Bf8 14.Qh4 Nc4 15.Bxc4 Rxc4
16.f4 Bc6 17.Kh1 f5 18.Qxd8+ Kxd8 19.exf5 Rg8 20.Rf2 exf5 21.Nd5 Rg4 22.h3 Rh4
23.Kh2 Re4 24.g3 Rh6 25.Na5 Rhe6 26.Nxc6+ bxc6 27.Nc3 Re3 28.Rd4 Bg7 29.Ra4 Bxc3
30.bxc3 Rxc3 31.Rxa6 Ree3 32.Ra7 Ke8 33.Rg2 Ra3 34.Rc7 c5 35.c4 Rac3 36.Rb2 Kf8
37.h4 Rxg3 38.Rbb7 Rh3+ 39.Kg2 Rhg3+ 40.Kf2 Rgf3+ 41.Kg2 Rg3+ 42.Kf2 Rcf3+
43.Ke2 Re3+ 44.Kf2 Rgf3+  1/2-1/2

[Event "HUN-chT1"]
[Site "HUN"]
[Date "1995.??.??"]
[Round "?"]
[White "Besztercsenyi, Tibor"]
[Black "Madl, Ildiko"]
[Result "1-0"]
[WhiteElo "2275"]
[BlackElo "2405"]

1.e4 c5 2.Nf3 d6 3.d4 cxd4 4.Nxd4 Nf6 5.Nc3 Nc6 6.Bg5 e6 7.Qd2 a6 8.O-O-O Bd7
9.f4 h6 10.Bh4 g5 11.fxg5 Ng4 12.Nf3 hxg5 13.Bg3 Be7 14.Be2 Nge5 15.Kb1 b5
16.a3 Rb8 17.Nd4 Nxd4 18.Qxd4 Qc7 19.Rhf1 f6 20.h3 a5 21.Na2 Qb7 22.Be1 Nc6
23.Qe3 b4 24.axb4 axb4 25.Bc4 Na5 26.Be2 b3 27.cxb3 Nxb3 28.Bc3 Nc5 29.Bf3 Qb3
30.Nc1 Qc4 31.Rf2 e5 32.Re1 Rh4 33.Kc2 Ba4+ 34.Kb1 Bc6 35.Rc2 Bxe4 36.Bxe4 Qxe4
37.Qf2 Qf5 38.Qe2 Qe4 39.Qf2 Qg6 40.Qf3 Ne4 41.Ba5 d5 42.Qd3 Qf7 43.Qa6 Bd8
44.Bxd8 Rxd8 45.Nd3 Nd6 46.Rf1 Qb7 47.Qxb7 Nxb7 48.Rxf6 e4 49.Ne5 Rh7 50.Re6+ Kf8
51.Rf2+ Kg8 52.Rg6+ Kh8 53.Nf7+ Rxf7 54.Rxf7 Nd6 55.Rff6 Nc4 56.Rxg5 Kh7
57.b3 Nd2+ 58.Kc2 e3 59.Kd3 Re8 60.Rff5 e2 61.Re5 e1=Q 62.Rxe1 Rxe1 63.Kxd2 Rb1
64.Kc2 Rg1 65.b4 d4 66.b5  1-0

[Event "HUN-chT1"]
[Site "HUN"]
[Date "1995.??.??"]
[Round "?"]
[White "Fogarasi, Tibor"]
[Black "Groszpeter, Attila"]
[Result "1/2-1/2"]
[WhiteElo "2500"]
[BlackElo "2520"]

1.e4 c5 2.Nf3 d6 3.d4 cxd4 4.Nxd4 Nf6 5.Nc3 Nc6 6.Bg5 e6 7.Qd2 a6 8.O-O-O h6
9.Be3 Be7 10.f4 Bd7 11.Qe1 Qc7 12.Kb1 b5 13.Bd3 O-O 14.Qg3 Rfc8 15.Rhf1 Nxd4
16.Bxd4 b4 17.Ne2 Bb5  1/2-1/2

[Event "HUN-chT2 9495"]
[Site "HUN"]
[Date "1995.??.??"]
[Round "?"]
[White "Tengely, Szabolcs"]
[Black "Kovacs, Janos"]
[Result "0-1"]
[WhiteElo "2165"]
[BlackElo "2180"]

1.e4 c5 2.Nf3 d6 3.d4 cxd4 4.Nxd4 Nf6 5.Nc3 Nc6 6.Bg5 e6 7.Qd2 a6 8.Be2 Be7
9.O-O-O Bd7 10.f4 b5 11.Bf3 Rc8 12.Nxc6 Bxc6 13.Qe3 Qc7 14.Rd2 h6 15.Bxf6 Bxf6
16.Nd5 Bxd5 17.exd5 e5 18.Bg4 Rb8 19.h4 Qa5 20.Kb1 O-O 21.f5 Qb4 22.Bd1 Qf4
23.Qf2 Qxf2 24.Rxf2 Rbc8 25.g4 Rc4 26.Rg2 g5 27.hxg5 Bxg5 28.Be2 Rd4 29.Rd1 Rxd1+
30.Bxd1 Rc8 31.Bf3 Rc4 32.Rg1 Rf4 33.Rf1 Kg7 34.c3 Kf6 35.b3 h5 36.gxh5 Kxf5
37.Kc2 Rh4 38.b4 Bf4 39.Kb3 Rh3 40.a4 e4 41.Be2 Ke5 42.axb5 axb5 43.Bxb5 f5
44.Be2 Bd2 45.b5 Bxc3 46.Kc2 Bd4 47.Rb1 Bb6 48.Rf1 Rh2 49.Kd1 f4 50.Bg4 f3
51.Bxf3 exf3 52.Rxf3 Rxh5 53.Rc3 Kxd5 54.Rc6 Bc5 55.Ra6 Rh2 56.Kc1 Be3+ 57.Kb1 Bd4
58.Kc1 Rb2 59.Ra5 Rb4 60.Kc2 Kc4  0-1

[Event "HUN-chT2 9495"]
[Site "HUN"]
[Date "1995.??.??"]
[Round "?"]
[White "Medvegy, Zoltan"]
[Black "Csomos, Roland"]
[Result "1-0"]
[WhiteElo "2125"]
[BlackElo "2200"]

1.e4 c5 2.Nf3 Nc6 3.d4 cxd4 4.Nxd4 Nf6 5.Nc3 d6 6.Bg5 e6 7.g3 Be7 8.Bg2 O-O
9.O-O a6 10.Nxc6 bxc6 11.e5 Nd5 12.Bxe7 Qxe7 13.exd6 Qxd6 14.Ne4 Qc7 15.c4 Ne7
16.Qd6 Qxd6 17.Nxd6 Rb8 18.b3 a5 19.Rad1 a4 20.Nxc8 Rfxc8 21.Rd7 Kf8 22.bxa4 Ke8
23.Rfd1 Rd8 24.Rxd8+ Rxd8 25.Rxd8+ Kxd8 26.f4 Kc7 27.Kf2 Kb6 28.Ke3 c5 29.Be4 Ka5
30.Bc2 Kb4 31.a3+ Kxc4 32.Bxh7 f5 33.g4 fxg4 34.Kd2 Nc6 35.Bg8 Kd4 36.Bxe6 Ke4
37.Bxg4 Kxf4 38.Be6 g5 39.Kd3 Na5 40.Bd5 Ke5 41.Bg2 Kf4 42.Ba8 Kf5 43.Ke3 Ke5
44.Kf3 Kd4 45.Be4 c4 46.Bb1 Ke5 47.Ke3 Nc6 48.Bc2 Na5 49.Bh7 Kd5 50.h3 Kc5
51.Ke4 Nc6 52.Bg6 c3 53.Ke3 Ne5 54.Bh7 g4 55.h4 g3 56.Be4 Kc4 57.a5 Kb3 58.a6 Nc4+
59.Ke2 Nd6 60.Bg6 Nb5 61.Kf3  1-0

[Event "HUN-chT1 9596"]
[Site "HUN"]
[Date "1995.??.??"]
[Round "1"]
[White "Fogarasi, Tibor"]
[Black "Szuk, Balazs"]
[Result "0-1"]
[WhiteElo "2515"]
[BlackElo "2360"]

1.e4 c5 2.Nf3 Nc6 3.d4 cxd4 4.Nxd4 Nf6 5.Nc3 d6 6.Bg5 e6 7.Qd2 a6 8.O-O-O Bd7
9.f3 Be7 10.h4 b5 11.Nxc6 Bxc6 12.Kb1 Rc8 13.Bd3 h6 14.Bf4 d5 15.e5 Nd7 16.g4 Bb4
17.Be2 Bb7 18.Be3 Bxc3 19.bxc3 Qa5 20.Kb2 O-O 21.Bd4 Nc5 22.Rh3 Na4+ 23.Kb3 Rc4
24.a3 Qc7 25.f4 a5 26.g5 h5 27.Bxh5 Rb4+ 28.axb4 Qc4+ 29.Ka3 Ra8 30.Qf2 axb4+
31.cxb4 Nc3+ 32.Kb2 Qxb4+ 33.Kc1 Na2+  0-1

[Event "HUN-chT1 9596"]
[Site "HUN"]
[Date "1995.??.??"]
[Round "1"]
[White "Cao Sang"]
[Black "Sarosi, Zoltan"]
[Result "1-0"]
[WhiteElo "2420"]
[BlackElo "2360"]

1.e4 c5 2.Nf3 Nc6 3.d4 cxd4 4.Nxd4 Nf6 5.Nc3 d6 6.Bg5 Qb6 7.Ndb5 a6 8.Bxf6 gxf6
9.Nd5 Qa5+ 10.Nbc3 f5 11.exf5 Bxf5 12.Bd3 Bg6 13.O-O Bg7 14.h4 e6 15.Ne3 d5
16.h5 Bxd3 17.cxd3 O-O 18.Ne2 d4 19.Ng4 Qxh5 20.Nxd4 Qd5 21.Nxc6 bxc6 22.Ne3 Qd4
23.Rb1 Rfd8 24.Qc2 Rac8 25.Rfd1 Qh4 26.Qe2 Rd4 27.Rbc1 c5 28.b3 Qh6 29.Rc4 Rh4
30.Rxh4 Qxh4 31.Rc1 Bd4 32.Rc4 a5 33.Nc2 Rd8 34.Nxd4 cxd4 35.Rc5 a4 36.b4 Qe7
37.a3 f6 38.Qc2 e5 39.f3 h5 40.Qxa4 h4 41.Qc2 Qg7 42.Rc8 Rxc8 43.Qxc8+ Kh7
44.Qf5+ Kh6 45.b5 Qg3 46.Qxf6+ Kh7 47.Qf5+ Kh6 48.Qe6+ Kh7 49.Qg4  1-0

[Event "HUN-chT2 9596"]
[Site "HUN"]
[Date "1995.??.??"]
[Round "5"]
[White "Hazai, Laszlo"]
[Black "Szeles, Karoly"]
[Result "1/2-1/2"]
[WhiteElo "2475"]
[BlackElo "2290"]

1.e4 c5 2.Nf3 d6 3.d4 cxd4 4.Nxd4 Nf6 5.Nc3 Nc6 6.Bg5 e6 7.Qd2 Be7 8.O-O-O O-O
9.f4 h6 10.Bh4 Bd7 11.Bxf6 Bxf6 12.Ndb5 Qa5 13.Kb1 Rac8 14.Nxd6 Bxc3 15.bxc3  1/2-1/2

[Event "ISL-chT"]
[Site "Island"]
[Date "1995.??.??"]
[Round "?"]
[White "Arnason, Jon L"]
[Black "Stefansson, Hannes"]
[Result "1-0"]
[WhiteElo "2545"]
[BlackElo "2520"]

1.e4 c5 2.Nf3 d6 3.d4 cxd4 4.Nxd4 Nf6 5.Nc3 Nc6 6.Bg5 e6 7.Qd2 a6 8.O-O-O h6
9.Be3 Be7 10.f4 Bd7 11.Be2 b5 12.Bf3 Rc8 13.g4 Na5 14.b3 Qc7 15.Nce2 e5 16.Nf5 Bxf5
17.gxf5 O-O 18.Rhg1 Kh7 19.Rg3 Nc6 20.Rdg1 Rg8 21.Kb1 d5 22.Rh3 Bf8 23.exd5 e4
24.dxc6 exf3 25.Nd4 Nd5 26.Nxf3 Nxe3 27.Ng5+ Kh8 28.Qxe3 f6 29.Ne6 Qxc6 30.Qe2 Qd5
31.Qg4  1-0

[Event "JUG m"]
[Site "JUG"]
[Date "1995.??.??"]
[Round "5"]
[White "Ivanovic, Bozidar"]
[Black "Popovic, Petar"]
[Result "1/2-1/2"]
[WhiteElo "2495"]
[BlackElo "2545"]

1.e4 c5 2.Nf3 d6 3.d4 cxd4 4.Nxd4 Nf6 5.Nc3 Nc6 6.Bg5 e6 7.Qd2 Be7 8.O-O-O O-O
9.f4 h6 10.Bxf6 Bxf6 11.Nxc6 bxc6 12.Qxd6 Qb6 13.e5 Rd8 14.Qa3 Qe3+ 15.Kb1 Rxd1+
16.Nxd1 Qxa3 17.bxa3 Rb8+ 18.Kc1 Be7 19.Bc4 Bxa3+ 20.Kd2 Rb1 21.Rf1 Bc1+
22.Kd3 g5 23.g3 gxf4 24.gxf4 c5 25.Ne3 Bb2 26.Kd2 Rxf1 27.Bxf1 Bd4 28.c3 Bxe3+
29.Kxe3 Bb7 30.Bd3 Bd5 31.a3 f6 32.Bg6 Kg7 33.Bh5 fxe5 34.fxe5 Kf8 35.Be2 Kf7
36.Ba6 Kg6 37.Kf4 Kf7 38.a4 Bb3 39.a5 Bd5 40.h4 Kg6 41.Bd3+ Kf7 42.Ke3 Ke7
43.Be2 Kf7 44.Kd3 Ke7 45.Bd1 Kd7 46.Bh5 Bb3 47.Bf3 Bd5 48.Bd1 Ke7 49.Ba4 Kf7
50.Ke3 Kg6 51.Kf4 Kh5 52.Kg3 Kg6 53.Kg4 Bc4 54.Bd7 Kf7 55.Bc8 Kg6 56.Bd7 Kf7
57.Bc6 Kg7 58.Kf4 Kf7 59.Be4 Ke7 60.Bc2 Kf7 61.Ke3 Ke7 62.Kd2 Kd7 63.Ba4+ Kc7
64.Ke3  1/2-1/2

[Event "Kemerovo2"]
[Site "Kemerovo"]
[Date "1995.??.??"]
[Round "4"]
[White "Nevostrujev, Vladimir"]
[Black "Khasin, Alexander"]
[Result "0-1"]
[WhiteElo "2410"]
[BlackElo "2485"]

1.e4 c5 2.Nf3 d6 3.d4 cxd4 4.Nxd4 Nf6 5.Nc3 Nc6 6.Bg5 e6 7.Qd3 a6 8.O-O-O h6
9.Bh4 Bd7 10.f4 g5 11.Nxc6 Bxc6 12.fxg5 Ng4 13.Be2 hxg5 14.Bxg4 gxh4 15.Kb1 Qg5
16.h3 Rd8 17.Ne2 Qe5 18.Bf3 Bg7 19.Nd4 Qxd4 20.Qxd4 Bxd4 21.Rxd4 Ke7 22.c4 Rhg8
23.Rhd1 Rg5 24.b4 Rd7 25.R1d2 Re5 26.Kb2 b5 27.Rc2 Rb7 28.cxb5 Bxb5 29.Rc8 Bd7
30.Rh8 a5 31.a3 Reb5 32.e5 dxe5 33.Rdxh4 Ra7 34.Rc4 axb4 35.Rxb4 Rba5 36.Rb3 Ba4
37.Rb4 Rd7 38.Rhb8 Rd2+ 39.Kc1 Rf2 40.R8b7+ Kf6 41.Rc7 Be8 42.Rc3 Ra7 43.h4 Kg7
44.Rb6 Ra4 45.Rb4 Rxb4 46.axb4 f5 47.Rc8 Ba4 48.Ra8 Bb3 49.Ra3 Bc4 50.Rc3 Bf1
51.Bc6 e4 52.b5 Bd3 53.b6 Rf1+ 54.Kd2 Rb1 55.b7 Rb2+ 56.Ke3 e5 57.Rxd3 exd3
58.Kxd3 e4+ 59.Kd4 Kf6 60.g3 Ke7 61.Kc5 Kd8 62.Kd4 Kc7 63.Bd5 Rd2+ 64.Ke5  0-1

[Event "Kemerovo1"]
[Site "Kemerovo"]
[Date "1995.??.??"]
[Round "7"]
[White "Dolmatov, Sergey"]
[Black "Aseev, Konstantin N"]
[Result "1/2-1/2"]
[WhiteElo "2615"]
[BlackElo "2530"]

1.e4 c5 2.Nf3 d6 3.d4 cxd4 4.Nxd4 Nf6 5.Nc3 Nc6 6.Bg5 e6 7.Qd2 a6 8.O-O-O Nxd4
9.Qxd4 Be7 10.f4 b5 11.Bxf6 gxf6 12.f5 Qc7 13.fxe6 fxe6 14.Qd2 Qc5 15.Kb1 Bd7
16.Bd3 b4 17.Ne2 a5 18.Nf4 a4 19.Be2  1/2-1/2

[Event "Platonov mem"]
[Site "Kiev"]
[Date "1995.??.??"]
[Round "6"]
[White "Kruppa, Yuri"]
[Black "Ostojic, Nikola"]
[Result "1-0"]
[WhiteElo "2570"]
[BlackElo "2455"]

1.e4 c5 2.Nf3 d6 3.d4 cxd4 4.Nxd4 Nf6 5.Nc3 Nc6 6.Bg5 e6 7.Qd2 Be7 8.O-O-O O-O
9.f4 Nxd4 10.Qxd4 Qa5 11.Bc4 Bd7 12.e5 dxe5 13.fxe5 Bc6 14.Bd2 Nd7 15.Nd5 Qc5
16.Nxe7+ Qxe7 17.Rhe1 Rfd8 18.Bf1 Nf8 19.Qg4 Ng6 20.Bb4 Rxd1+ 21.Rxd1 Qc7
22.Qd4 b5 23.Bd6 Qb7 24.Rd2 Rc8 25.h4 h6 26.h5 Nf8 27.Qh4 Bd5 28.b3 Nh7 29.Qe7 Qa6
30.a4 Qc6 31.Qxa7 Ng5 32.axb5 Qc3 33.Qd4 Qxb3 34.Bd3 Qa2 35.c4 Qa8 36.Bf1 Ne4
37.Re2 Bb7 38.c5 Qa3+ 39.Kb1 Bd5 40.c6 Qb3+ 41.Rb2 Qg3 42.Bb4 Qf4 43.Be2 Qf5
44.Rc2 Ng3 45.Bd3 Qxh5 46.b6 Ra8 47.Bd2 Qd1+ 48.Bc1 Ne4 49.b7 Rb8 50.Qxe4 Bxe4
51.Bxe4 Qd4 52.c7 Qb4+ 53.Bb2 Qe1+ 54.Ka2  1-0